000 01247nam a2200265Ia 4500
999 _c49576
_d49576
001 16508
003 GE_BSU
005 20250129110808.0
008 181216s2012||||ge |||||||||||||| ||geo||
020 _a9789941422881
040 _cGE_BSU
041 _ageo
080 _a821.161.1-31 ტ-67
100 _aტოლსტოი, ლევ
_924171
245 _aანა კარენინა: [რომანი 2 ტომად]. ტ. 2 /
_cლევ ტოლსტოი ; ლარისა ტიტვინიძისა და თამარ საყვარელიძის თარგმანი.
264 _aთბილისი :
_bპალიტრა L.
_c2012.
300 _a464 გვ. ;
_c21 სმ.
490 _a50 წიგნი, რომელიც უნდა წაიკითხო, სანამ ცოცხალი ხარ, 1987-9628 ;
_v წ. 41
541 _h12ლ.50თ.
653 _aანა კარენინა
653 _aრომანი
700 _aტიტვინიძე, ლარისა
_e მთარგმნელი
_91382
700 _aსაყვარელიძე, თამარ
_e მთარგმნელი
_919277
942 _cBK
_2udc